Análisi en marketing digital para mejorar la presencia de la empresa Droguería Inti S.A. sucursal Oruro en la plataforma Facebook gestión 2023 / (Registro nro. 15115)

Detalles MARC
000 -LEADER
campo de control de longitud fija 01691nam a22002774aa4500
003 - IDENTIFICADOR DE NÚMERO DE CONTROL
campo de control BOFEUTO
005 - FECHA Y HORA DE LA ÚLTIMA TRANSACCIÓN
campo de control 20240430174203.0
008 - DATOS DE LONGITUD FIJA--INFORMACIÓN GENERAL
campo de control de longitud fija 240426t2023 bo gr 000 f spa d
040 ## - FUENTE DE CATALOGACIÓN
Enlace BOFEUTO
Centro catalogador/agencia de origen BOFEUTO
Centro/agencia transcriptor BOFEUTO
041 ## - CÓDIGO DE IDIOMA
Código de lengua del texto/banda sonora o título independiente spa
044 ## - CÓDIGO DEL PAÍS DE LA ENTIDAD EDITORA/PRODUCTORA
Código MARC del país bo
082 ## - NÚMERO DE LA CLASIFICACIÓN DECIMAL DEWEY
Número de clasificación TE5436
Número de ítem Ar658a
100 ## - ENTRADA PRINCIPAL--NOMBRE DE PERSONA
Nombre de persona Arandia Ventura, Fernando Junior
Término indicativo de función/relación autor
245 ## - MENCIÓN DEL TÍTULO
Título Análisi en marketing digital para mejorar la presencia de la empresa Droguería Inti S.A. sucursal Oruro en la plataforma Facebook gestión 2023 /
Mención de responsabilidad, etc. Fernando Junior Arandia Ventura
260 ## - PUBLICACIÓN, DISTRIBUCIÓN, ETC.
Lugar de publicación, distribución, etc. Oruro :
Nombre del editor, distribuidor, etc. s/n,
Fecha de publicación, distribución, etc. 2023.
300 ## - DESCRIPCIÓN FÍSICA
Extensión 75 hojas :
Otras características físicas fig. ;
Dimensiones 28.5 cm.
500 ## - NOTA GENERAL
Nota general Incluye bibliografía, anexos.
502 ## - NOTA DE TESIS
Nota de tesis Proyecto de Grado Doble titulación V -- (Licenciatura) Universidad Técnica de Oruro, Facultad de Ciencias Económicas Financieras y Administrativas, Carrera Administración de Empresas, 2023.
520 ## - RESUMEN, ETC.
Sumario, etc. El objetivo de la investigación del siguiente proyecto, es analizar el marketing digital con el fin de mejorar la presencia de la empresa Droguería INTI S.A. sucursal Oruro en la plataforma Facebook gestión 2023. En la actualidad estar inmersos en el mundo de las redes sociales genera presencia activa de las organizaciones o empresas aun cuando estas estén en el anonimato, sin embargo de acuerdo a los resultados obtenidos al comprobar la hipótesis y la muestra calculada, señala que hacer uso de la plataforma Facebook genera más oportunidades de crecimiento de mercado a la empresa Droguería INTI S.A.
650 ## - PUNTO DE ACCESO ADICIONAL DE MATERIA--TÉRMINO DE MATERIA
Término de materia o nombre geográfico como elemento de entrada Administración
653 ## - TÉRMINO DE INDIZACIÓN--NO CONTROLADO
Término no controlado Marketing digital
653 ## - TÉRMINO DE INDIZACIÓN--NO CONTROLADO
Término no controlado Social media
653 ## - TÉRMINO DE INDIZACIÓN--NO CONTROLADO
Término no controlado Redes sociales
700 ## - ENTRADA AGREGADA--NOMBRE PERSONAL
Nombre de persona Sandy Tapia, Verónica
Término indicativo de función/relación tutor
942 ## - ELEMENTOS DE ENTRADA SECUNDARIOS (KOHA)
Fuente del sistema de clasificación o colocación Clasificación Decimal Dewey
Tipo de ítem Koha Tesis
Suprimir en OPAC No
Existencias
Estatus retirado Estado de pérdida Fuente del sistema de clasificación o colocación Estado de daño No para préstamo Biblioteca de origen Biblioteca actual Ubicación en estantería Fecha de adquisición Número de inventario Total de préstamos Signatura topográfica completa Código de barras Visto por última vez Fecha del último préstamo Copia número Precio de reemplazo Tipo de ítem Koha
No dañado Disponible Clasificación Decimal Dewey No Dañado Disponible Biblioteca Central Biblioteca Central Tesis 26/04/2024 5436 3 TE5436/Ar658a TE5436 30/05/2025 30/05/2025 Ej. 1 30/04/2024 Tesis

Biblioteca Central
Dirección: Calle Cochabamba entre 6 de Octubre y Potosí s/n
Teléfono: (591-2)5281707 - 2-52-38450
Contacto: biblioteca.central@gmail.com